000 00534nam a2200169Ia 4500
003 LK-CoDNM
008 010623t xxu||||| |||| 00| 1 sin d
040 _aLK-CoDNM
_dLK-CoDNM
_eLK-CoDNM
041 _asin
080 _a294.3 DHA
100 _aDhammasiddhi Thero,Agalawatte.
245 _aඅර්ථ සහිත තෙරුවන් වන්දනාව සහ බෝධි පුජාව
246 _aArtha Sahitha Teruwan Vandanawa Saha Bodhi Pujawa
260 _bWasana
_aDankotuwa
300 _b48p., 21 cm
942 _cBK
999 _c137252
_d137252